| 000 | 00339nam a22001457a 4500 | ||
|---|---|---|---|
| 003 | OSt | ||
| 008 | 230506b |||||||| |||| 00| 0 eng d | ||
| 041 | _aeng | ||
| 082 |
_a637.14 _bNAV/DA |
||
| 100 |
_aNaveen k.singh _95428 |
||
| 245 | _aDairy technology application | ||
| 260 |
_aNew delhi _bBio green _c2023 |
||
| 300 | _a288 | ||
| 942 | _cBK | ||
| 999 |
_c17667 _d17667 |
||